Freizeitpädagogische Ansätze im Vollzug: Chor- und Musikpflege in der JVA Straubing

Saved in:  
Bibliographic Details
Main Author: Röhrl, Rudolf (Author)
Format: Print Article
Language:German
Published: 1983
In: Zeitschrift für Strafvollzug und Straffälligenhilfe
Year: 1983, Volume: 32, Issue: 2, Pages: 105 - 106
Availability in Albert-Krebs Library:Z.01
24.1975 - 55.2006
Check availability: HBZ Gateway

MARC

LEADER 00000caa a22000002c 4500
001 1818630664
003 DE-627
005 20221103104012.0
007 tu
008 221011s1983 xx ||||| 00| ||ger c
035 |a (DE-627)1818630664 
035 |a (DE-599)KXP1818630664 
040 |a DE-627  |b ger  |c DE-627  |e rakwb 
041 |a ger 
084 |a 2,1  |2 ssgn 
100 1 |a Röhrl, Rudolf  |4 aut 
245 1 0 |a Freizeitpädagogische Ansätze im Vollzug  |b Chor- und Musikpflege in der JVA Straubing 
264 1 |c 1983 
336 |a Text  |b txt  |2 rdacontent 
337 |a ohne Hilfsmittel zu benutzen  |b n  |2 rdamedia 
338 |a Band  |b nc  |2 rdacarrier 
773 0 8 |i Enthalten in  |t Zeitschrift für Strafvollzug und Straffälligenhilfe  |d Wiesbaden : Ges. für Fortbildung der Strafvollzugsbediensteten, 1975  |g 32(1983), 2, Seite 105 - 106  |w (DE-627)130166723  |w (DE-600)519517-2  |w (DE-576)015709817  |x 0342-3514  |7 nnas 
773 1 8 |g volume:32  |g year:1983  |g number:2  |g pages:105 - 106 
935 |a mkri 
951 |a AR 
AKB |a 24.1975 - 55.2006  |b Z.01 
ELC |b 1 
LOK |0 000 xxxxxcx a22 zn 4500 
LOK |0 001 4196298214 
LOK |0 003 DE-627 
LOK |0 004 1818630664 
LOK |0 005 20221011151249 
LOK |0 008 221011||||||||||||||||ger||||||| 
LOK |0 035   |a (DE-2619)pk01505 
LOK |0 040   |a DE-2619  |c DE-627  |d DE-2619 
LOK |0 092   |o n 
LOK |0 852   |a DE-2619 
LOK |0 852 1  |m p  |9 00 
LOK |0 935   |a kreb 
LOK |0 938   |k p 
LOK |0 939   |a 11-10-22  |b l01 
ORI |a SA-MARC-krimdoka001.raw